01363cam a22003134a 45000010009000000050017000090080041000260100017000670200028000840400018001120420008001300500022001380820019001601000026001792450172002052600034003773000039004114900034004505000033004845040068005176500049005857000030006347000039006648560091007038560092007949420012008869990017008989520134009151237761720080306084548.0010412s2001 nyua b 001 0 eng  a 2001031433 a0387952845 (alk. paper) aDLCcDLCdDLC apcc00aQ325.75bH37 200100a003.1222bHAS1 aHastie, Trevor.9944114aThe Elements of Statistical Learning :bData Mining, Inference, and Prediction: With 200 full-color illustrations /cTrevor Hastie, Robert Tibshirani, Jerome Friedman. aNew York :bSpringer,cc2001. axvi, 533 p. :bcol. ill. ;c25 cm. aSpringer series in statistics aDonated by: Alaa Abdel Ghany aIncludes bibliographical references (p. [509]-522) and indexes. 0aSupervised learning (Machine learning)994421 aTibshirani, Robert.994431 aFriedman, J. H.q(Jerome H.)99444423Publisher descriptionuhttp://www.loc.gov/catdir/enhancements/fy0813/2001031433-d.html413Table of contents onlyuhttp://www.loc.gov/catdir/enhancements/fy0813/2001031433-t.html 2ddccBB c12935d12935 00102ddc40708AlahramaMAINbMAINcLOWd2009-11-18eDonationl1m15o003.1 HASp000018995r2025-07-15 00:00:00s2021-05-30yBB